IFM Opac

Web style guide (Record no. 7675)

MARC details
000 -LEADER
fixed length control field 00450nam a2200169Ia 4500
008 - FIXED-LENGTH DATA ELEMENTS--GENERAL INFORMATION
fixed length control field 150509s9999 xx 000 0 und d
020 ## - INTERNATIONAL STANDARD BOOK NUMBER
International Standard Book Number 0 300 08898 1
082 ## - DEWEY DECIMAL CLASSIFICATION NUMBER
Classification number 005.72 LYN
100 ## - MAIN ENTRY--PERSONAL NAME
Personal name Lynch, Patrick J.
245 ## - TITLE STATEMENT
Title Web style guide
260 ## - PUBLICATION, DISTRIBUTION, ETC.
Place of publication, distribution, etc. New Haven:
260 ## - PUBLICATION, DISTRIBUTION, ETC.
Name of publisher, distributor, etc. Yale University
260 ## - PUBLICATION, DISTRIBUTION, ETC.
Date of publication, distribution, etc. 2001
300 ## - PHYSICAL DESCRIPTION
Extent xiv, 223 p. : ill. ; 25 cm.
500 ## - GENERAL NOTE
General note Includes bibliographical references and index
650 ## - SUBJECT ADDED ENTRY--TOPICAL TERM
Topical term or geographic name entry element Web sites - Design

No items available.